Vista normal
Vista MARC
Entrada Personal Name
Número de registros utilizados en: 4
001 - CONTROL NUMBER
- control field: 671
003 - CONTROL NUMBER IDENTIFIER
- control field: OSt
005 - DATE AND TIME OF LATEST TRANSACTION
- control field: 20110809135009.0
008 - FIXED-LENGTH DATA ELEMENTS
- fixed length control field: 110809|||a|||||| | ||| d
040 ## - CATALOGING SOURCE
- Original cataloging agency: OSt
- Transcribing agency: OSt
100 ## - HEADING--PERSONAL NAME
- Personal name: Casiraghi, Juan Carlos
670 ## - SOURCE DATA FOUND
- Source citation: Work cat.: (OSt)801: Casiraghi, Juan Carlos, Anatomía del Cuerpo Humano : 3, Regiones de la cabeza, Cuello y Tórax. Organos de los Sentidos., 1980.